00447 2200169 4500001002100000005001500021035002000036245005300056100001800109300003400127260003500161082001000196084001600206020002200222600001600244990001700260INLIS00000000000071820250121101449 a0010-01250000771 aMenjadi Pemuda Desa yang Berguna /cImam Machali0 aMachali, Imam a116 hlm :bIlus ;c17 X 25 cm aKlaten :bCempaka Putih,c2010 a307.7 a307.7 MAC m a978-979-662-472-0 4aPemuda desa a1747/PP/2023